| 000 -LEADER |
| fixed length control field |
00731cam a2200265 a 4500 |
| 001 - CONTROL NUMBER |
| control field |
12334218 |
| 005 - DATE AND TIME OF LATEST TRANSACTION |
| control field |
20180226044039.0 |
| 008 - FIXED-LENGTH DATA ELEMENTS--GENERAL INFORMATION |
| fixed length control field |
010216s2000 si a 000 0 eng |
| 010 ## - LIBRARY OF CONGRESS CONTROL NUMBER |
| LC control number |
2001307012 |
| 020 ## - INTERNATIONAL STANDARD BOOK NUMBER |
| International Standard Book Number |
007118628X |
| 035 ## - SYSTEM CONTROL NUMBER |
| System control number |
(DLC) 2001307012 |
| 037 ## - SOURCE OF ACQUISITION |
| Source of stock number/acquisition |
Library of Congress -- Jakarta Overseas Office |
| Terms of availability |
S[dollar]19.95 |
| 040 ## - CATALOGING SOURCE |
| Original cataloging agency |
DLC |
| Transcribing agency |
DLC |
| 041 ## - LANGUAGE CODE |
| Language code of text/sound track or separate title |
eng |
| 042 ## - AUTHENTICATION CODE |
| Authentication code |
lcode |
| 043 ## - GEOGRAPHIC AREA CODE |
| Geographic area code |
a-si--- |
| 080 ## - UNIVERSAL DECIMAL CLASSIFICATION NUMBER |
| Universal Decimal Classification number |
004 TEO |
| 082 ## - DEWEY DECIMAL CLASSIFICATION NUMBER |
| Classification number |
004 TEO |
| 100 ## - Rafti |
| Rafti |
28 |
| 101 ## - Shkurtesa |
| Shkurtesa |
SHK |
| 245 00 - TITLE STATEMENT |
| Title |
Issues and challenges in e-commerce : |
| Statement of responsibility, etc |
edited by Thompson Teo, Wong Poh Kam, Vivien Lim. |
| 906 ## - LOCAL DATA ELEMENT F, LDF (RLIN) |
| a |
7 |
| b |
cbc |
| c |
origode |
| d |
3 |
| e |
ncip |
| f |
20 |
| g |
y-gencatlg |
| 942 ## - ADDED ENTRY ELEMENTS (KOHA) |
| Source of classification or shelving scheme |
|
| Item type |
Books |